000 00561nam a22002177a 4500
003 UA-OsUOA
001 55750
007 ta
008 20080919b un ||||| |||| 00| 0 ukr d
100 _aСтефанюк І.
090 _a330
_bС79
942 _cSA
040 _aUA-OsUOA
_bukr
_cUA-OsUOA
_dUA-OsUOA
245 _aДоходи підприємства як об'єкт ревізії
300 _aС.11-13
955 _a0
041 _aukr
080 _a330
773 0 _w55748
_tФінансовий контроль
_dК.
_d2008
_g4
650 7 _2UDC
999 _c341829
_d341829